Ethics in public management

Saved in:
Bibliographic Details
Main Author: Ghere
Format: Book
Tags: Add Tag
No Tags, Be the first to tag this record!
Call Number :

MARC

LEADER 00000pam a2200000 4500
001 26881
003 MY-KLNDU
005 20241218082142.0
020 0 0 |a 9788120328730 
035 |a 0000038668 
039 9 |a 200911181251  |b VLOAD  |y 200910091755  |z VLOAD 
100 0 0 |a Ghere 
245 0 0 |a Ethics in public management 
591 |a 0000009322  |b 05/06/09  |c 0306-08  |d 1  |e RM34.9  |f 1  |g 34.9  |h Pustaka Darul Warisan Sdn. Bhd. 
999 |a vtls000036383  |c 26881  |d 26881